Obchodní rejstřík - zdroj informací o firmách

Príspevok analyzuje skúsenosti s Obchodným registrom v ČR. Obchodný register ako mocný nástroj pri získavaní informácií, klasifikácia informácií. Problém dostupnosti informácií a ich kvality. Ako môžu subjekty zapísané v Obchodnom registri reagovať na nesprávny stav zápisu a snažiť sa znížiť riziká,...

Ausführliche Beschreibung

Gespeichert in:
Bibliographische Detailangaben
1. Verfasser: Kučera, Radomír
Format: Buchkapitel
Sprache:Tschechisch
Schlagworte:
Tags: Tag hinzufügen
Keine Tags, Fügen Sie das erste Tag hinzu!

MARC

LEADER 00000naa$a2200000$$$4500
001 0023346
005 20221207104932.8
041 0 |a cze 
044 |a SK 
245 1 0 |a Obchodní rejstřík - zdroj informací o firmách  |c Radomír Kučera 
520 |a Príspevok analyzuje skúsenosti s Obchodným registrom v ČR. Obchodný register ako mocný nástroj pri získavaní informácií, klasifikácia informácií. Problém dostupnosti informácií a ich kvality. Ako môžu subjekty zapísané v Obchodnom registri reagovať na nesprávny stav zápisu a snažiť sa znížiť riziká, ktoré pre nich z toho vyplývajú. 
610 2 0 |a register obchodný 
610 2 0 |a Česko 
610 2 0 |a informácie 
610 2 0 |a kvalita 
610 2 0 |a riziko 
610 2 0 |a riadenie podnikové 
100 1 |a Kučera, Radomír